The Handbook of tourism and leisure 1991
| Format: | Book |
|---|---|
| Published: |
Cambridge :
Hobsons Publishing ,
1991
|
| Subjects: |
MARC
| LEADER | 00000cam a2200000 7i4500 | ||
|---|---|---|---|
| 001 | 0000000205 | ||
| 002 | 000000270 | ||
| 005 | 20000330.0 | ||
| 020 | |a 1853244708 | ||
| 090 | 0 | 0 | |a 910.202 |b HAN |
| 245 | 0 | 4 | |a The Handbook of tourism and leisure 1991 |
| 260 | |a Cambridge : |b Hobsons Publishing , |c 1991 | ||
| 300 | |a 276p | ||
| 650 | 0 | 0 | |a Tourist trade |x United Kingdom |
| 999 | |a 027651 |b BUKU |c PINJAMAN |e PERPUSTAKAAN KOMUNITI PETALING JAYA | ||